| 000 | 00970nam a2200229 i 4500 | ||
|---|---|---|---|
| 001 | 140343 | ||
| 003 | ES-MaACL | ||
| 005 | 20250831115923.0 | ||
| 007 | t| | ||
| 008 | 070214q1972 sp r ||||1| spa d | ||
| 100 | 1 |
_aSegura, Francisco. _9105205 |
|
| 245 | 1 | 0 |
_aAños 2000 _b: tres grandes alternativas político-sociales a afrontar : 1. ¿colectivización industrial o participación obrera en beneficios netos empresarios?, 2. ¿colectivización agraria o tierra propiedad de quienes la cultivan?, 3. ¿gobierno mundial o caos mundial? : hacia una sociedad humanista y universalista / _cFrancisco Segura. |
| 260 |
_a[Barcelona : _bs. n., _c1972] |
||
| 300 |
_a60 p. ; _c21 cm. |
||
| 650 |
_aColectivismo. _911136 |
||
| 650 | 7 |
_aReforma agraria _2embne _916718 |
|
| 650 |
_aParticipación de los trabajadores. _915852 |
||
| 650 | 4 |
_aUniversalismo (Filosofía) _9161602 |
|
| 852 |
_aES-MaACL _jC-45711 |
||
| 852 |
_aES-MaACL _jC-48792 |
||
| 999 |
_c140343 _d140343 |
||